Things that begin with M - Statistics

General Stats
  • This quiz has been taken 174 times
  • The average score is 13 of 15
Answer Stats
Hint Answer % Correct
One of two genders Male
100%
Paper that shows locations of an area Map
99%
The female parent figure Mother
99%
A month of the Year March | May
98%
4th planet from the sun Mars
97%
Orange-Yellow tropical fruit Mango
95%
Official language of China Mandarin
93%
Small rodent Mouse
92%
White liquid containing calcium from mammals Milk
90%
Fungi that grows on food that expires Mold
87%
Army Military
79%
Country in the Gobi Desert Mongolia
75%
Most downloaded video game Minecraft
72%
A large, sweet and edible fruit Melon
71%
Leader of China from 1949-1976 Mao Zedong
70%
No matching quizzes found
Score Distribution
Percent of People with Each Score
Percentile by Number Answered
Your Score History
You have not taken this quiz